[Event "Aars"]
[Site "Aars"]
[Date "1995.??.??"]
[Round "6"]
[White "Hansen, Sune Berg"]
[Black "Larsen, Bent"]
[Result "1-0"]
[WhiteElo "2490"]
[BlackElo "2515"]
[PlyCount "93"]
[EventDate "1995.10.??"]
[EventType "tourn"]
[EventRounds "9"]
[EventCountry "DEN"]
[EventCategory "9"]
[SourceTitle "SE base"]
[Source "ABZ"]
[SourceDate "2005.05.09"]
[SourceVersion "1"]
[SourceVersionDate "2005.05.09"]
[SourceQuality "1"]

1. e4 c5 2. Nf3 g6 3. d4 cxd4 4. Nxd4 Bg7 5. Nc3 Nc6 6. Be3 Nf6 7. Bc4 O-O 8.
Bb3 d6 9. f3 Bd7 10. Qe2 Na5 11. O-O-O a6 12. Qd2 b5 13. Kb1 Rc8 14. g4 b4 15.
Nd5 Nxd5 16. exd5 Nc4 17. Bxc4 Rxc4 18. h4 Qa8 19. h5 Rfc8 20. hxg6 fxg6 21.
Qh2 Qxd5 22. Qxh7+ Kf8 23. Bh6 Qg8 24. Qxg6 Bxh6 25. Qxh6+ Qg7 26. Qf4+ Ke8 27.
Qe4 Kd8 28. Rh7 Qf6 29. g5 Qxg5 30. Ne6+ Bxe6 31. Qxe6 R8c6 32. Rxd6+ Rxd6 33.
Rh8+ Kc7 34. Qxc4+ Rc6 35. Qd4 a5 36. a4 Kb7 37. Qd8 Qf5 38. Qa8+ Kc7 39. Qa7+
Kd6 40. Qd4+ Kc7 41. Qa7+ Kd6 42. Qd4+ Kc7 43. Qd8+ Kb7 44. Qb8+ Ka6 45. Qa8+
Kb6 46. Rb8+ Kc7 47. Rb7+ 1-0

[Event "Aars"]
[Site "Aars"]
[Date "1995.??.??"]
[Round "6"]
[White "Ivanov, Mikhail M"]
[Black "Hansen, Curt"]
[Result "1/2-1/2"]
[WhiteElo "2445"]
[BlackElo "2635"]
[PlyCount "88"]
[EventDate "1995.10.??"]
[EventType "tourn"]
[EventRounds "9"]
[EventCountry "DEN"]
[EventCategory "9"]
[SourceTitle "SE base"]
[Source "ABZ"]
[SourceDate "2005.05.09"]
[SourceVersion "1"]
[SourceVersionDate "2005.05.09"]
[SourceQuality "1"]

1. d4 Nf6 2. c4 e6 3. Nf3 d5 4. g3 dxc4 5. Bg2 Nc6 6. O-O Rb8 7. Nc3 b5 8. Ne5
Nxe5 9. dxe5 Nd7 10. Bf4 Bb7 11. Bxb7 Rxb7 12. a4 c6 13. Ne4 Nc5 14. Qc2 Be7
15. axb5 cxb5 16. Bg5 Nxe4 17. Qxe4 Qd5 18. Qxd5 exd5 19. Be3 f6 20. Rfd1 Kf7
21. Rxd5 fxe5 22. Rxa7 Rxa7 23. Bxa7 Ra8 24. Bc5 Rd8 25. Rxd8 Bxd8 26. Bb4 Be7
27. Bd2 e4 28. Kf1 b4 29. Ke1 Ke6 30. Kd1 Kd5 31. Kc2 b3+ 32. Kc1 Bf6 33. h3
Bd4 34. Be1 h5 35. Kb1 e3 36. f3 g5 37. Ba5 Ke5 38. Be1 Kf5 39. Ba5 Be5 40. Be1
g4 41. hxg4+ hxg4 42. f4 Bd6 43. Kc1 Ke4 44. Kb1 Kd5 1/2-1/2

[Event "Aars"]
[Site "Aars"]
[Date "1995.??.??"]
[Round "6"]
[White "Kristensen, Jorgen Juul"]
[Black "Grabow, Pouelsten Holm"]
[Result "1/2-1/2"]
[WhiteElo "2335"]
[BlackElo "2270"]
[PlyCount "23"]
[EventDate "1995.10.??"]
[EventType "tourn"]
[EventRounds "9"]
[EventCountry "DEN"]
[EventCategory "9"]
[SourceTitle "SE base"]
[Source "ABZ"]
[SourceDate "2005.05.09"]
[SourceVersion "1"]
[SourceVersionDate "2005.05.09"]
[SourceQuality "1"]

1. d4 d5 2. c4 c6 3. cxd5 cxd5 4. Nf3 Nf6 5. Nc3 Nc6 6. Bf4 Bf5 7. e3 e6 8. Ne5
Nxe5 9. Bxe5 a6 10. Qb3 b5 11. Be2 Bd6 12. Bxd6 1/2-1/2

[Event "Aars"]
[Site "Aars"]
[Date "1995.??.??"]
[Round "6"]
[White "Shneider, Aleksandr"]
[Black "Brynell, Stellan"]
[Result "1-0"]
[WhiteElo "2530"]
[BlackElo "2460"]
[PlyCount "66"]
[EventDate "1995.10.??"]
[EventType "tourn"]
[EventRounds "9"]
[EventCountry "DEN"]
[EventCategory "9"]
[SourceTitle "SE base"]
[Source "ABZ"]
[SourceDate "2005.05.09"]
[SourceVersion "1"]
[SourceVersionDate "2005.05.09"]
[SourceQuality "1"]

1. d4 Nf6 2. c4 e6 3. Nf3 b6 4. g3 Bb7 5. Bg2 Be7 6. Nc3 O-O 7. d5 Bb4 8. O-O
Na6 9. Nh4 Bxc3 10. bxc3 Nc5 11. Ba3 Rb8 12. Bxc5 bxc5 13. Rb1 exd5 14. cxd5
Ba6 15. Re1 d6 16. Rxb8 Qxb8 17. Qd2 Re8 18. e4 Qb5 19. f3 h6 20. Nf5 Nd7 21.
f4 Nb6 22. Bf1 Qa4 23. Bxa6 Qxa6 24. e5 Qc8 25. e6 fxe6 26. dxe6 Kh7 27. Qe2
Qb7 28. Qg4 g6 29. Nh4 Rg8 30. e7 h5 31. e8=Q hxg4 32. Re7+ Kh6 33. Qxg8 Qh1+
1-0

[Event "Aars"]
[Site "Aars"]
[Date "1995.??.??"]
[Round "7"]
[White "Brynell, Stellan"]
[Black "Kristensen, Jorgen Juul"]
[Result "1-0"]
[WhiteElo "2460"]
[BlackElo "2335"]
[PlyCount "83"]
[EventDate "1995.10.??"]
[EventType "tourn"]
[EventRounds "9"]
[EventCountry "DEN"]
[EventCategory "9"]
[SourceTitle "SE base"]
[Source "ABZ"]
[SourceDate "2005.05.09"]
[SourceVersion "1"]
[SourceVersionDate "2005.05.09"]
[SourceQuality "1"]

1. d4 Nf6 2. c4 e6 3. Nc3 d5 4. Bg5 Be7 5. e3 h6 6. Bh4 O-O 7. Nf3 Ne4 8. Bxe7
Qxe7 9. Rc1 c6 10. Bd3 Nxc3 11. Rxc3 dxc4 12. Rxc4 Nd7 13. Bb1 e5 14. Qd3 f5
15. Qb3 Kh8 16. O-O e4 17. Nd2 Nf6 18. Rcc1 Be6 19. Qc2 Bd5 20. a3 Qf7 21. Nc4
Bxc4 22. Qxc4 Nd5 23. Qc5 Qg6 24. Ba2 f4 25. Bxd5 f3 26. g3 cxd5 27. Qxd5 Qg4
28. Kh1 Rad8 29. Qxb7 Rf5 30. Rc8 Qh3 31. Rxd8+ Kh7 32. Rh8+ Kxh8 33. Qc8+ Kh7
34. Rg1 h5 35. b4 g6 36. Qe6 Qg4 37. d5 Rf8 38. Qxg4 hxg4 39. Rd1 Kg7 40. d6
Kf6 41. d7 Rd8 42. Rd4 1-0

[Event "Aars"]
[Site "Aars"]
[Date "1995.??.??"]
[Round "7"]
[White "Grabow, Pouelsten Holm"]
[Black "Ivanov, Mikhail M"]
[Result "0-1"]
[WhiteElo "2270"]
[BlackElo "2445"]
[PlyCount "70"]
[EventDate "1995.10.??"]
[EventType "tourn"]
[EventRounds "9"]
[EventCountry "DEN"]
[EventCategory "9"]
[SourceTitle "SE base"]
[Source "ABZ"]
[SourceDate "2005.05.09"]
[SourceVersion "1"]
[SourceVersionDate "2005.05.09"]
[SourceQuality "1"]

1. c4 b6 2. Nf3 Bb7 3. Nc3 c5 4. g3 Bxf3 5. exf3 Nc6 6. Bg2 g6 7. O-O Bg7 8. d3
Nh6 9. Bxh6 Bxh6 10. f4 e6 11. Rb1 O-O 12. a3 Bg7 13. Qd2 Rc8 14. b4 d6 15. Ne2
Qf6 16. Qe3 Rfe8 17. b5 Ne7 18. g4 Bh8 19. Ng3 d5 20. Rbd1 Qb2 21. Qc1 Qxc1 22.
Rxc1 dxc4 23. dxc4 f5 24. Rfe1 Kf7 25. Rcd1 Red8 26. h3 Bc3 27. Rf1 Bd2 28. Bf3
Bxf4 29. gxf5 gxf5 30. Kg2 Ng6 31. Bb7 Rb8 32. Bc6 Bc7 33. Rfe1 Rxd1 34. Rxd1
Rd8 35. Bf3 Nh4+ 0-1

[Event "Aars"]
[Site "Aars"]
[Date "1995.??.??"]
[Round "7"]
[White "Hansen, Curt"]
[Black "Gausel, Einar"]
[Result "1/2-1/2"]
[WhiteElo "2635"]
[BlackElo "2495"]
[PlyCount "37"]
[EventDate "1995.10.??"]
[EventType "tourn"]
[EventRounds "9"]
[EventCountry "DEN"]
[EventCategory "9"]
[SourceTitle "SE base"]
[Source "ABZ"]
[SourceDate "2005.05.09"]
[SourceVersion "1"]
[SourceVersionDate "2005.05.09"]
[SourceQuality "1"]

1. d4 Nf6 2. c4 c6 3. Nc3 d5 4. Nf3 e6 5. Bg5 h6 6. Bxf6 Qxf6 7. e3 Nd7 8. Bd3
dxc4 9. Bxc4 g6 10. O-O Bg7 11. a3 O-O 12. Ba2 b6 13. e4 Bb7 14. e5 Qe7 15. Re1
Rfd8 16. Qc2 Nf8 17. Ne4 c5 18. dxc5 bxc5 19. Qxc5 1/2-1/2

[Event "Aars"]
[Site "Aars"]
[Date "1995.??.??"]
[Round "7"]
[White "Larsen, Bent"]
[Black "Shneider, Aleksandr"]
[Result "1/2-1/2"]
[WhiteElo "2515"]
[BlackElo "2530"]
[PlyCount "113"]
[EventDate "1995.10.??"]
[EventType "tourn"]
[EventRounds "9"]
[EventCountry "DEN"]
[EventCategory "9"]
[SourceTitle "SE base"]
[Source "ABZ"]
[SourceDate "2005.05.09"]
[SourceVersion "1"]
[SourceVersionDate "2005.05.09"]
[SourceQuality "1"]

1. d4 Nf6 2. Nf3 e6 3. g3 d5 4. Bg2 Be7 5. O-O O-O 6. c4 dxc4 7. Qc2 a6 8. Qxc4
b5 9. Qc2 Bb7 10. Bg5 Nbd7 11. Nbd2 Rc8 12. Bxf6 Nxf6 13. Nb3 c5 14. dxc5 Bd5
15. Ne1 Bxg2 16. Nxg2 Nd7 17. Rfd1 Qc7 18. Nf4 Nxc5 19. Nxc5 Bxc5 20. Qe4 Qc6
21. Qxc6 Rxc6 22. Rd7 g6 23. Kg2 Rfc8 24. a4 Rd6 25. Rxd6 Bxd6 26. Nd3 bxa4 27.
Rxa4 Rc6 28. g4 f5 29. h3 Kf7 30. f4 h6 31. Kf3 g5 32. e3 Kf6 33. Ke2 Rc2+ 34.
Kd1 Rc6 35. Kd2 Kg6 36. b3 Kf6 37. Rc4 Rxc4 38. bxc4 e5 39. c5 Bc7 40. fxe5+
Bxe5 41. c6 Bd6 42. Nc5 a5 43. Kd3 Ke7 44. Nb7 fxg4 45. hxg4 a4 46. Kc2 Be5 47.
Nc5 Kd6 48. Nxa4 Kxc6 49. Kd3 Kd5 50. Nb6+ Ke6 51. Ke4 Bc7 52. Nd5 Bd6 53. Nc3
Kf6 54. Kd5 Bh2 55. e4 Kg6 56. e5 Bxe5 57. Kxe5 1/2-1/2

[Event "Aars"]
[Site "Aars"]
[Date "1995.??.??"]
[Round "7"]
[White "Nielsen, Peter Heine"]
[Black "Hansen, Sune Berg"]
[Result "1/2-1/2"]
[WhiteElo "2500"]
[BlackElo "2490"]
[PlyCount "162"]
[EventDate "1995.10.??"]
[EventType "tourn"]
[EventRounds "9"]
[EventCountry "DEN"]
[EventCategory "9"]
[SourceTitle "SE base"]
[Source "ABZ"]
[SourceDate "2005.05.09"]
[SourceVersion "1"]
[SourceVersionDate "2005.05.09"]
[SourceQuality "1"]

1. Nf3 Nf6 2. g3 d5 3. Bg2 e6 4. O-O Be7 5. d4 O-O 6. c4 dxc4 7. Qc2 a6 8. Qxc4
b5 9. Qc2 Bb7 10. Bf4 Nc6 11. Rd1 Nb4 12. Qc1 Rc8 13. Nc3 Nbd5 14. Nxd5 Bxd5
15. Be3 c6 16. Ne1 Bxg2 17. Kxg2 Qd5+ 18. f3 e5 19. dxe5 Qxe5 20. Nd3 Qf5 21.
Bc5 Bxc5 22. Qxc5 Qxc5 23. Nxc5 a5 24. Kf2 Rfd8 25. Nb7 Rxd1 26. Rxd1 a4 27.
Na5 Kf8 28. Rd6 c5 29. Rb6 b4 30. Nc4 Rd8 31. Rb5 Rd1 32. Rxc5 Rc1 33. Ke3 a3
34. bxa3 bxa3 35. Kd3 Ra1 36. Ra5 Rxa2 37. Rxa3 Rxa3+ 38. Nxa3 Ke7 39. Kd4 Ke6
40. Nb5 g6 41. Nc3 h5 42. e4 Nd7 43. f4 Nf6 44. h3 Ne8 45. Na4 Nd6 46. Nc5+ Ke7
47. Nd3 Nb5+ 48. Ke3 Nd6 49. Ne5 Ke6 50. Nf3 Nc4+ 51. Kd3 Nb2+ 52. Kd4 Nd1 53.
Kd3 Nf2+ 54. Ke3 Nd1+ 55. Kd2 Nb2 56. Nd4+ Kd6 57. Ke2 Nc4 58. Nb3 Ke6 59. Nd2
Nb2 60. Kf3 Nd3 61. g4 hxg4+ 62. Kxg4 f5+ 63. exf5+ gxf5+ 64. Kg3 Kf6 65. Nc4
Nc5 66. Kf3 Ne6 67. Ne3 Ng7 68. Ng2 Nh5 69. Ke3 Ke6 70. Ne1 Kd5 71. Nd3 Kc4 72.
Nc1 Kd5 73. Ne2 Ke6 74. Kd4 Kd6 75. h4 Ke6 76. Kc5 Nf6 77. Nd4+ Kd7 78. Ne2 Ke6
79. Ng3 Nd5 80. Nxf5 Kxf5 81. Kxd5 Kxf4 1/2-1/2

[Event "Aars"]
[Site "Aars"]
[Date "1995.??.??"]
[Round "8"]
[White "Grabow, Pouelsten Holm"]
[Black "Brynell, Stellan"]
[Result "0-1"]
[WhiteElo "2270"]
[BlackElo "2460"]
[PlyCount "90"]
[EventDate "1995.10.??"]
[EventType "tourn"]
[EventRounds "9"]
[EventCountry "DEN"]
[EventCategory "9"]
[SourceTitle "SE base"]
[Source "ABZ"]
[SourceDate "2005.05.09"]
[SourceVersion "1"]
[SourceVersionDate "2005.05.09"]
[SourceQuality "1"]

1. d4 Nf6 2. c4 c5 3. Nf3 cxd4 4. Nxd4 e6 5. Nc3 Nc6 6. e3 Bb4 7. Bd2 O-O 8.
Be2 d5 9. cxd5 exd5 10. O-O Bd6 11. Rc1 Bd7 12. Bf3 Qe7 13. Nxc6 bxc6 14. Qc2
Rfe8 15. a3 h5 16. b4 h4 17. Ne2 Ng4 18. Bxg4 Bxg4 19. f3 Bd7 20. Nd4 Rac8 21.
Nf5 Bxh2+ 22. Kxh2 Qe5+ 23. f4 Qxf5 24. Qxf5 Bxf5 25. Rc3 Re6 26. Be1 Rh6 27.
Bf2 h3 28. g3 Re6 29. Rd1 Re4 30. Rc5 g6 31. Ra5 Rc7 32. Rc5 Ree7 33. Rd2 f6
34. Rb2 Kf7 35. a4 Re4 36. b5 Rc4 37. Rxc4 dxc4 38. e4 Bxe4 39. Kxh3 cxb5 40.
Rxb5 c3 41. Be3 Ke6 42. g4 c2 43. Bc1 Rh7+ 44. Kg3 Rh1 45. Bd2 Rd1 0-1

[Event "Aars"]
[Site "Aars"]
[Date "1995.??.??"]
[Round "8"]
[White "Ivanov, Mikhail M"]
[Black "Gausel, Einar"]
[Result "1/2-1/2"]
[WhiteElo "2445"]
[BlackElo "2495"]
[PlyCount "43"]
[EventDate "1995.10.??"]
[EventType "tourn"]
[EventRounds "9"]
[EventCountry "DEN"]
[EventCategory "9"]
[SourceTitle "SE base"]
[Source "ABZ"]
[SourceDate "2005.05.09"]
[SourceVersion "1"]
[SourceVersionDate "2005.05.09"]
[SourceQuality "1"]

1. d4 d5 2. Nf3 c6 3. c4 e6 4. Nbd2 f5 5. g3 Nf6 6. Bg2 Bd6 7. Ne5 O-O 8. Ndf3
Ne4 9. O-O Qe7 10. Qc2 b6 11. Nd3 Bb7 12. Bf4 Bxf4 13. Nxf4 Nd7 14. Ne5 Nxe5
15. dxe5 Rae8 16. Rad1 Qc5 17. h4 a5 18. b3 Nxg3 19. Nd3 Qd4 20. Ne1 Qc5 21.
Nd3 Qd4 22. Ne1 1/2-1/2

[Event "Aars"]
[Site "Aars"]
[Date "1995.??.??"]
[Round "9"]
[White "Brynell, Stellan"]
[Black "Ivanov, Mikhail M"]
[Result "1-0"]
[WhiteElo "2460"]
[BlackElo "2445"]
[PlyCount "101"]
[EventDate "1995.10.??"]
[EventType "tourn"]
[EventRounds "9"]
[EventCountry "DEN"]
[EventCategory "9"]
[SourceTitle "SE base"]
[Source "ABZ"]
[SourceDate "2005.05.09"]
[SourceVersion "1"]
[SourceVersionDate "2005.05.09"]
[SourceQuality "1"]

1. d4 d6 2. e4 Nf6 3. Nc3 g6 4. Nf3 Bg7 5. h3 c6 6. a4 O-O 7. Be3 b6 8. Bd3 Na6
9. O-O Nb4 10. Be2 Bb7 11. Qd2 e5 12. dxe5 dxe5 13. Qxd8 Rfxd8 14. Rac1 c5 15.
Nd2 Nc6 16. Bc4 Nd4 17. Rfe1 h6 18. f3 a6 19. Ncb1 b5 20. Bf1 Bc6 21. c3 Ne6
22. Nb3 Bf8 23. Na5 Be8 24. Red1 Rdb8 25. Nd2 Nd7 26. Ra1 Nb6 27. axb5 axb5 28.
Nab3 Na4 29. Rdb1 Rd8 30. Nc1 f5 31. exf5 gxf5 32. Bd3 f4 33. Bf2 Rxd3 34. Nxd3
Rd8 35. Nxe5 Rxd2 36. Re1 Nc7 37. Bh4 Rxb2 38. Bd8 Ne6 39. Nd3 Nxd8 40. Nxb2
Nxb2 41. Rxe8 Nf7 42. Raa8 Nd1 43. Rxf8+ Kg7 44. Rg8+ Kh7 45. Rgc8 c4 46. Ra7
Kg6 47. Rc6+ Kg7 48. Rcc7 Nxc3 49. Rxf7+ Kg6 50. Rfb7 Kf6 51. Kf2 1-0

[Event "Aars"]
[Site "Aars"]
[Date "1995.??.??"]
[Round "9"]
[White "Hansen, Curt"]
[Black "Shneider, Aleksandr"]
[Result "1/2-1/2"]
[WhiteElo "2635"]
[BlackElo "2530"]
[PlyCount "57"]
[EventDate "1995.10.??"]
[EventType "tourn"]
[EventRounds "9"]
[EventCountry "DEN"]
[EventCategory "9"]
[SourceTitle "SE base"]
[Source "ABZ"]
[SourceDate "2005.05.09"]
[SourceVersion "1"]
[SourceVersionDate "2005.05.09"]
[SourceQuality "1"]

1. c4 c5 2. Nf3 Nc6 3. Nc3 g6 4. e3 Bg7 5. d4 d6 6. d5 Ne5 7. Nxe5 Bxe5 8. Be2
Bxc3+ 9. bxc3 f5 10. O-O Nf6 11. f3 Qa5 12. Qc2 Bd7 13. e4 O-O-O 14. Bg5 h6 15.
Bxf6 exf6 16. exf5 Bxf5 17. Bd3 Bxd3 18. Qxd3 Rhe8 19. Rfe1 Rxe1+ 20. Rxe1 Qxa2
21. h4 a5 22. Qxg6 Qxc4 23. Qf5+ Rd7 24. Re7 Qa4 25. h5 Kc7 26. Rh7 Rxh7 27.
Qxh7+ Kb6 28. Qxh6 Qh4 29. Qh8 1/2-1/2